[Event "25th Abu Dhabi Master 2018"]
[Site "Abu Dhabi"]
[Date "2018.08.14"]
[Round "8"]
[White "Koustav Chatterjee"]
[Black "Mammadzada, Gunay"]
[Result "1/2-1/2"]
[WhiteElo "2325"]
[BlackElo "2426"]
[Annotator "TA"]
[PlyCount "131"]
[EventDate "2018.08.05"]
[EventType "swiss"]
[EventCountry "UAE"]
[SourceTitle "playchess.com"]
[Source "ChessBase"]
[SourceQuality "1"]

1. Nf3 c5 2. c4 Nc6 3. Nc3 e5 4. g3 g6 5. Bg2 Bg7 6. O-O d6 7. d3 Nge7 8. Rb1 O-O 9. Bd2 h6 10. a3 a5 11. Ne1 Be6 12. Nc2 d5 13. cxd5 Nxd5 14. Ne3 Nb6 15. Ne4 Qe7 16. Rc1 Nd7 17. Nc4 b5 18. Ne3 Rfc8 19. Nc3 Rab8 20. f4 f5 21. fxe5 Ndxe5 22. h4 Rf8 23. Ncd5 Qd6 24. Nf4 Bf7 25. h5 Nd4 26. hxg6 Nxg6 27. Nh5 Bb3 28. Qe1 Rbe8 29. Kh1 a4 30. Qf2 Be5 31. Nf4 Nxf4 32. gxf4 Bf6 33. Rg1 Kh7 34. Bh3 Be6 35. Rcf1 Rg8 36. Kh2 Bd7 37. Rxg8 Rxg8 38. Rg1 Rxg1 39. Kxg1 Qxf4 40. Nd5 Qxf2+ 41. Kxf2 Bg7 42. Bc3 Kg6 43. Nf4+ Kf7 44. Bg2 Bf6 45. Bd5+ Ne6 46. Bxf6 Kxf6 47. Nxe6 Bxe6 48. Bc6 h5 49. Bxb5 Bb3 50. Kg3 Kg5 51. e3 h4+ 52. Kh3 Bd1 53. Bc6 Be2 54. Bxa4 Bf1+ 55. Kh2 Bxd3 56. Bc6 f4 57. exf4+ Kxf4 58. a4 Ke5 59. Kh3 Kd6 60. Be8 c4 61. Kxh4 Kc5 62. a5 Be4 63. Kg5 Bb7 64. Kf4 Kb4 65. Bf7 Ba6 66. Bxc4 1/2-1/2

[Event "25th Abu Dhabi Master 2018"]
[Site "Abu Dhabi"]
[Date "2018.08.14"]
[Round "8"]
[White "Mithil, Ajgaonkar"]
[Black "Sundararajan, Kidambi"]
[Result "0-1"]
[WhiteElo "2318"]
[BlackElo "2433"]
[Annotator "TA"]
[PlyCount "174"]
[EventDate "2018.08.05"]
[EventType "swiss"]
[EventCountry "UAE"]
[SourceTitle "playchess.com"]
[Source "ChessBase"]
[SourceQuality "1"]

1. d4 Nf6 2. Nf3 d6 3. g3 Nbd7 4. Bg2 e5 5. c4 c6 6. Nc3 Be7 7. O-O O-O 8. e4 Re8 9. Re1 Bf8 10. h3 a6 11. Be3 b6 12. Qb3 Bb7 13. Rad1 Qc7 14. c5 bxc5 15. dxe5 Nxe5 16. Nxe5 Rxe5 17. Na4 Re6 18. Bf4 Nd7 19. h4 Rae8 20. Bh3 Rxe4 21. Rxe4 Rxe4 22. Bxd7 Rb4 23. Qc2 Rxf4 24. Nxc5 Rf6 25. Nxb7 Qxd7 26. Nc5 Qf5 27. Qxf5 Rxf5 28. Nd7 Rb5 29. b3 d5 30. Ne5 Rb6 31. Rc1 c5 32. Nd7 Rc6 33. Nb8 Rb6 34. Nd7 Rc6 35. Nb8 Rc8 36. Nxa6 c4 37. b4 d4 38. Nc5 c3 39. Nd3 Ra8 40. Rc2 Ra4 41. Re2 f6 42. b5 Kf7 43. b6 Ra6 44. Re4 Rxb6 45. Rxd4 Rb1+ 46. Kg2 c2 47. Rc4 Rd1 48. Rc7+ Ke8 49. Rc8+ Kd7 50. Rc3 Bd6 51. Nc5+ Bxc5 52. Rxc2 Bd6 53. Rc4 Ke6 54. a4 Rd2 55. Kf3 Kd5 56. Rc8 Ke6 57. Rg8 g6 58. Rg7 Bc5 59. Rxh7 Rxf2+ 60. Kg4 Ra2 61. Kh3 Rxa4 62. Rh6 Kf7 63. Rh7+ Kg8 64. Rd7 Bd4 65. h5 Be5 66. h6 g5 67. Rg7+ Kh8 68. Rd7 Rd4 69. Ra7 Rb4 70. Rd7 Rb1 71. Kg4 Rh1 72. Kf5 Rxh6 73. g4 Rh7 74. Rd8+ Kg7 75. Rd7+ Kh6 76. Rd8 Re7 77. Rf8 Ra7 78. Ke6 Kg7 79. Rd8 Ra4 80. Rd7+ Kg6 81. Rd8 Rxg4 82. Rg8+ Kh7 83. Kf7 Rb4 84. Rg7+ Kh6 85. Rg8 Kh5 86. Rh8+ Kg4 87. Kg6 Rb6 0-1

[Event "25th Abu Dhabi Master 2018"]
[Site "Abu Dhabi"]
[Date "2018.08.14"]
[Round "8"]
[White "Kigigha, Bomo"]
[Black "Varshini, V."]
[Result "1-0"]
[WhiteElo "2317"]
[BlackElo "2205"]
[Annotator "NA"]
[PlyCount "79"]
[EventDate "2018.08.05"]
[EventType "swiss"]
[EventCountry "UAE"]
[SourceTitle "playchess.com"]
[Source "ChessBase"]
[SourceQuality "1"]

1. c4 e5 2. g3 Nf6 3. Bg2 d5 4. cxd5 Nxd5 5. Nc3 Nb6 6. Nf3 Nc6 7. O-O Be7 8. a3 a5 9. d3 Be6 10. Be3 Nd5 11. Nxd5 Bxd5 12. Qa4 O-O 13. Rac1 Re8 14. Rfe1 Rb8 15. Qb5 Bf6 16. Nd2 Bxg2 17. Kxg2 Bg5 18. Bxg5 Qxg5 19. Nf3 Qd8 20. Rc4 Re6 21. Rec1 Ra8 22. Re4 Qd7 23. Qxb7 Rb8 24. Qa6 Rxb2 25. Qc4 h6 26. Qc3 Rb6 27. Rc4 Qe8 28. e3 Qa8 29. Rc5 Qb7 30. Qc4 Rd6 31. Qe4 Rf6 32. R1c2 a4 33. R5c4 Ra6 34. Nxe5 Re6 35. d4 Qb1 36. Qf5 Nxe5 37. dxe5 Rec6 38. Rb4 Qxb4 39. axb4 Rxc2 40. Qc8+ 1-0

[Event "25th Abu Dhabi Master 2018"]
[Site "Abu Dhabi"]
[Date "2018.08.14"]
[Round "8"]
[White "Kulkarni Bhakti"]
[Black "Sahil, Tickoo"]
[Result "0-1"]
[WhiteElo "2312"]
[BlackElo "2192"]
[Annotator "NA"]
[PlyCount "112"]
[EventDate "2018.08.05"]
[EventType "swiss"]
[EventCountry "UAE"]
[SourceTitle "playchess.com"]
[Source "ChessBase"]
[SourceQuality "1"]

1. d4 d5 2. c4 e6 3. Nc3 Nf6 4. Nf3 Be7 5. Bf4 O-O 6. e3 b6 7. Bd3 c5 8. cxd5 Nxd5 9. Nxd5 exd5 10. dxc5 bxc5 11. O-O Be6 12. Qc2 h6 13. Rfd1 Nc6 14. a3 Qb6 15. Rac1 a5 16. Bf5 Bxf5 17. Qxf5 Qxb2 18. Rb1 Qxa3 19. Qd7 Rfc8 20. Rb6 Bf8 21. h4 Ne7 22. Bd6 Rd8 23. Qb7 Qa4 24. Rdb1 Qd7 25. Qxd7 Rxd7 26. Bxc5 Rdd8 27. Nd4 Rdc8 28. R6b5 a4 29. Ra1 Ra6 30. g3 Nc6 31. Nxc6 Raxc6 32. Bxf8 Rc1+ 33. Rxc1 Rxc1+ 34. Kg2 Kxf8 35. Rxd5 Ke7 36. Ra5 Rc4 37. Ra7+ Kd6 38. h5 Kc5 39. Rxf7 Kb4 40. Rb7+ Kc3 41. Rxg7 a3 42. Ra7 Kb3 43. Rxa3+ Kxa3 44. f4 Kb4 45. Kf3 Kc5 46. Kg4 Kd6 47. Kf5 Rc3 48. e4 Rxg3 49. Kf6 Kd7 50. Kf7 Re3 51. Kg7 Rxe4 52. Kxh6 Rxf4 53. Kg7 Ke7 54. h6 Rg4+ 55. Kh8 Kf6 56. h7 Ra4 0-1

[Event "25th Abu Dhabi Master 2018"]
[Site "Abu Dhabi"]
[Date "2018.08.14"]
[Round "8"]
[White "Eric, Jovana"]
[Black "Adnan, Habib Hana"]
[Result "0-1"]
[WhiteElo "2307"]
[BlackElo "2220"]
[Annotator "NA"]
[PlyCount "97"]
[EventDate "2018.08.05"]
[EventType "swiss"]
[EventCountry "UAE"]
[SourceTitle "playchess.com"]
[Source "ChessBase"]
[SourceQuality "1"]

1. e4 c5 2. Nc3 e6 3. Nf3 a6 4. d4 cxd4 5. Nxd4 Nc6 6. Be2 Qc7 7. O-O Nf6 8. Kh1 Bb4 9. Bg5 Bxc3 10. Bxf6 gxf6 11. bxc3 b6 12. Rb1 Bb7 13. f4 Na5 14. Bf3 Rc8 15. Ne2 Nc4 16. Qd4 Ke7 17. Rbd1 Rhd8 18. e5 d5 19. exf6+ Kd7 20. Qf2 Qc5 21. Nd4 Nb2 22. Rde1 Re8 23. Bh5 Qf8 24. Nf3 Nc4 25. Ng5 Nd6 26. Qxb6 Rc6 27. Qb4 Ba8 28. Qa4 h6 29. Nf3 Kc7 30. Ne5 Rb8 31. Nxc6 Bxc6 32. Qa5+ Rb6 33. Be2 Nb7 34. Qxb6+ Kxb6 35. Rb1+ Ka7 36. Rb3 Na5 37. Rb4 Qc5 38. Rfb1 Qxc3 39. Bd3 Qxf6 40. a4 Qc3 41. Rb8 Bb7 42. Rf8 Qc7 43. h3 Nc4 44. Re1 Qe7 45. Rh8 Qh4 46. Rb1 Nd2 47. Rd1 d4 48. Kg1 Qg3 49. Rh7 0-1

[Event "25th Abu Dhabi Master 2018"]
[Site "Abu Dhabi"]
[Date "2018.08.14"]
[Round "8"]
[White "Sankalp Gupta"]
[Black "Narayanan S L"]
[Result "1/2-1/2"]
[WhiteElo "2304"]
[BlackElo "2574"]
[Annotator "TA"]
[PlyCount "64"]
[EventDate "2018.08.05"]
[EventType "swiss"]
[EventCountry "UAE"]
[SourceTitle "playchess.com"]
[Source "ChessBase"]
[SourceQuality "1"]

1. e4 e5 2. Nf3 Nc6 3. d4 exd4 4. Nxd4 Nf6 5. Nxc6 bxc6 6. Bd3 d5 7. Qe2 Be7 8. Nd2 O-O 9. O-O Re8 10. e5 Nd7 11. Nb3 Nc5 12. Be3 Nxd3 13. cxd3 f6 14. f4 a5 15. Rac1 Bd7 16. Bc5 Bd6 17. d4 a4 18. Nd2 Rb8 19. b3 Bxc5 20. Rxc5 Rb4 21. Qe3 axb3 22. axb3 fxe5 23. fxe5 h6 24. Qc3 Rb8 25. Ra5 Qe7 26. Ra7 Rec8 27. Rfa1 Qb4 28. Qxb4 Rxb4 29. R1a4 Rbb8 30. R4a5 Rb4 31. Ra4 Rbb8 32. R4a5 Rb4 1/2-1/2

[Event "25th Abu Dhabi Master 2018"]
[Site "Abu Dhabi"]
[Date "2018.08.14"]
[Round "8"]
[White "Gomes, Mary Ann"]
[Black "Michelle Catherina, P."]
[Result "1-0"]
[WhiteElo "2303"]
[BlackElo "2153"]
[Annotator "NA"]
[PlyCount "93"]
[EventDate "2018.08.05"]
[EventType "swiss"]
[EventCountry "UAE"]
[SourceTitle "playchess.com"]
[Source "ChessBase"]
[SourceQuality "1"]

1. Nf3 d5 2. c4 c6 3. g3 g6 4. Bg2 Bg7 5. O-O e5 6. d3 Ne7 7. e4 O-O 8. Qe2 Nd7 9. cxd5 cxd5 10. b3 Re8 11. Ba3 d4 12. Nbd2 b5 13. Rfc1 Bb7 14. Bh3 Rc8 15. Bd6 Rxc1+ 16. Rxc1 Nc6 17. a3 Nf8 18. Bc5 Ne6 19. b4 a5 20. bxa5 Nxa5 21. Bb4 Qb6 22. Qd1 h6 23. Nb3 Nc6 24. Bxe6 Rxe6 25. Nc5 Re8 26. Nxb7 Qxb7 27. Qb3 Nxb4 28. Qxb4 Bf8 29. Qb3 Kg7 30. Rb1 f6 31. Qxb5 Qxb5 32. Rxb5 Bxa3 33. Nd2 Be7 34. Nc4 Kf8 35. f4 exf4 36. gxf4 Rd8 37. Kg2 Kf7 38. Kf3 h5 39. h4 Rd7 40. f5 Rd8 41. Rb7 g5 42. hxg5 fxg5 43. e5 g4+ 44. Kf4 Ke8 45. f6 Bc5 46. Rh7 Bb4 47. e6 1-0

[Event "25th Abu Dhabi Master 2018"]
[Site "Abu Dhabi"]
[Date "2018.08.14"]
[Round "8"]
[White "Hamidi, Amir Mohammad"]
[Black "Halvax, Georg"]
[Result "0-1"]
[WhiteElo "2299"]
[BlackElo "2437"]
[Annotator "NA RC"]
[PlyCount "98"]
[EventDate "2018.08.05"]
[EventType "swiss"]
[EventCountry "UAE"]
[SourceTitle "playchess.com"]
[Source "ChessBase"]
[SourceQuality "1"]

1. d4 d5 2. c4 e6 3. Nc3 Bb4 4. Nf3 Nf6 5. Qa4+ Nc6 6. cxd5 exd5 7. Bg5 h6 8. Bxf6 Qxf6 9. e3 O-O 10. Rc1 Qg6 11. Qd1 Be6 12. g3 a6 13. Bg2 Qh5 14. Nd2 Qxd1+ 15. Kxd1 Ne7 16. Na4 Bd6 17. Nc5 Bc8 18. Nb1 b6 19. Nd3 Bb7 20. Kd2 Rac8 21. b4 c6 22. Nc3 Ra8 23. Na4 Bc7 24. Rc2 Rfd8 25. Rhc1 Kf8 26. Nc3 Bd6 27. Na4 Bc7 28. Nc3 Ra7 29. a4 Bd6 30. a5 bxa5 31. bxa5 c5 32. dxc5 Bc7 33. Ke2 Bxa5 34. Na4 Bc6 35. Nb6 Rb7 36. Ra1 Bxb6 37. cxb6 Rxb6 38. Nc5 Bb5+ 39. Kd2 d4 40. e4 Nc6 41. f4 d3 42. Rb2 Nd4 43. e5 Ke7 44. Be4 Rc8 45. Rc1 Ne2 46. Na4 Bxa4 47. Rxb6 Nxc1 48. Rxa6 Nb3+ 49. Ke3 d2 0-1

[Event "25th Abu Dhabi Master 2018"]
[Site "Abu Dhabi"]
[Date "2018.08.14"]
[Round "8"]
[White "Daneshvar, Bardiya"]
[Black "Ivana Maria, Furtado"]
[Result "1/2-1/2"]
[WhiteElo "2290"]
[BlackElo "2146"]
[Annotator "NA"]
[PlyCount "36"]
[EventDate "2018.08.05"]
[EventType "swiss"]
[EventCountry "UAE"]
[SourceTitle "playchess.com"]
[Source "ChessBase"]
[SourceQuality "1"]

1. d4 Nf6 2. c4 e6 3. Nc3 c5 4. d5 exd5 5. cxd5 d6 6. Nf3 g6 7. Bf4 Bg7 8. Qa4+ Bd7 9. Qb3 Qc7 10. e4 O-O 11. Be2 b5 12. Bxb5 Nxe4 13. Nxe4 Qa5+ 14. Nfd2 Bxb5 15. Nxd6 Ba6 16. O-O-O Nd7 17. N6c4 Qd8 18. h4 Qf6 1/2-1/2

[Event "25th Abu Dhabi Master 2018"]
[Site "Abu Dhabi"]
[Date "2018.08.14"]
[Round "8"]
[White "Hejazipour, Mitra"]
[Black "Pranav Vijay"]
[Result "0-1"]
[WhiteElo "2285"]
[BlackElo "2265"]
[Annotator "NA"]
[PlyCount "104"]
[EventDate "2018.08.05"]
[EventType "swiss"]
[EventCountry "UAE"]
[SourceTitle "playchess.com"]
[Source "ChessBase"]
[SourceQuality "1"]

1. Nf3 Nf6 2. c4 b6 3. g3 Bb7 4. Bg2 c5 5. Nc3 g6 6. d4 cxd4 7. Qxd4 Bg7 8. O-O d6 9. Be3 O-O 10. Qh4 Nbd7 11. Rfd1 Rc8 12. Rac1 a6 13. b3 Rc7 14. Bh6 Bxh6 15. Qxh6 Qa8 16. a4 Rfc8 17. e4 Nc5 18. Ng5 Ne6 19. Nxe6 fxe6 20. Bh3 Kf7 21. Qe3 Rc5 22. f3 g5 23. Bg2 Rg8 24. Rf1 h5 25. Qd4 a5 26. Nd1 g4 27. fxg4 Rxg4 28. Nf2 Rg8 29. Nd3 Rcg5 30. Rc2 e5 31. Qxb6 Bxe4 32. Qe3 Bxg2 33. Rxg2 h4 34. c5 hxg3 35. Rxg3 Rxg3+ 36. hxg3 Rh8 37. Nf2 Ke6 38. cxd6 exd6 39. Rd1 Qc6 40. Rc1 Qb7 41. Qe2 Qxb3 42. Nd3 Rg8 43. Qe3 Qb8 44. Rf1 Rg7 45. Qf3 Ng4 46. Qf5+ Ke7 47. Qf3 Qb6+ 48. Nf2 Qe3 49. Qb7+ Kf6 50. Kg2 Nxf2 51. Qf3+ Qxf3+ 52. Kxf3 Ng4 0-1

[Event "25th Abu Dhabi Master 2018"]
[Site "Abu Dhabi"]
[Date "2018.08.14"]
[Round "8"]
[White "Patil, Pratik"]
[Black "Song, Yuxin"]
[Result "1-0"]
[WhiteElo "2280"]
[BlackElo "2126"]
[Annotator "NA"]
[PlyCount "69"]
[EventDate "2018.08.05"]
[EventType "swiss"]
[EventCountry "UAE"]
[SourceTitle "playchess.com"]
[Source "ChessBase"]
[SourceQuality "1"]

1. e4 c5 2. c3 Nf6 3. e5 Nd5 4. d4 cxd4 5. Nf3 d6 6. cxd4 Nc6 7. Bc4 dxe5 8. dxe5 Ndb4 9. Qb3 e6 10. O-O Na5 11. Qa4+ Bd7 12. Bb5 Nac6 13. Rd1 Nd5 14. Nc3 Nxc3 15. bxc3 Qc7 16. Rb1 a6 17. Nd4 Rd8 18. Bxc6 Bxc6 19. Nxc6 Rxd1+ 20. Qxd1 Qxc6 21. Bg5 Be7 22. Bxe7 Kxe7 23. Qg4 Rd8 24. Qh4+ Ke8 25. Qxh7 Qd5 26. h3 g6 27. Qh8+ Ke7 28. Qf6+ Ke8 29. Rb4 b5 30. Rh4 Qa8 31. Rh8+ Kd7 32. Qxf7+ Kc6 33. Qxe6+ Kc5 34. Qe7+ Kc4 35. Rxd8 1-0

[Event "25th Abu Dhabi Master 2018"]
[Site "Abu Dhabi"]
[Date "2018.08.14"]
[Round "8"]
[White "Raahul V S"]
[Black "Mohamed Faisal"]
[Result "1-0"]
[WhiteElo "2277"]
[BlackElo "2134"]
[Annotator "NA"]
[PlyCount "71"]
[EventDate "2018.08.05"]
[EventType "swiss"]
[EventCountry "UAE"]
[SourceTitle "playchess.com"]
[Source "ChessBase"]
[SourceQuality "1"]

1. c4 e5 2. Nc3 Nc6 3. Nf3 f5 4. d4 e4 5. Ng5 Bb4 6. Nh3 Nf6 7. Bg5 h6 8. Bxf6 Qxf6 9. e3 Bxc3+ 10. bxc3 g5 11. Be2 b6 12. Bh5+ Kd8 13. O-O Ba6 14. Be2 Na5 15. c5 Bxe2 16. Qxe2 bxc5 17. f3 exf3 18. Qxf3 Rb8 19. Qd5 Qe7 20. Rae1 Rf8 21. Rxf5 Rxf5 22. Qxf5 Nc4 23. Qd5 Nd6 24. dxc5 Qe4 25. Qd4 Rb2 26. Nf2 Qc2 27. Qf6+ Kc8 28. cxd6 Rb1 29. Qf8+ Kb7 30. Qf3+ c6 31. Rxb1+ Qxb1+ 32. Qd1 Qxa2 33. Ne4 Qc4 34. Qd4 Qxd4 35. exd4 c5 36. d5 1-0

[Event "25th Abu Dhabi Master 2018"]
[Site "Abu Dhabi"]
[Date "2018.08.14"]
[Round "8"]
[White "Mansour, Sameer"]
[Black "Bartakke, Amardeep S"]
[Result "0-1"]
[WhiteElo "2275"]
[BlackElo "2133"]
[Annotator "NA"]
[PlyCount "104"]
[EventDate "2018.08.05"]
[EventType "swiss"]
[EventCountry "UAE"]
[SourceTitle "playchess.com"]
[Source "ChessBase"]
[SourceQuality "1"]

1. Nf3 Nf6 2. g3 b6 3. Bg2 Bb7 4. O-O e6 5. d3 d5 6. Nbd2 Be7 7. e4 c5 8. Re1 Nc6 9. Qe2 O-O 10. e5 Nd7 11. Nf1 b5 12. h4 b4 13. Bf4 a5 14. N1h2 Ba6 15. Qe3 Nd4 16. Nxd4 cxd4 17. Qd2 Qb6 18. Bg5 Rfe8 19. Bxe7 Rxe7 20. Nf3 Rc8 21. Rac1 Nf8 22. Qf4 Rec7 23. Nxd4 Bxd3 24. h5 Bxc2 25. h6 gxh6 26. Bf1 Ng6 27. Qe3 Ba4 28. Rxc7 Qxc7 29. Bd3 Qe7 30. Qxh6 Qf8 31. Qe3 Qg7 32. Kg2 Bd7 33. f4 Nh4+ 34. Kf2 Nf5 35. Nxf5 exf5 36. Qa7 Be6 37. Rh1 Kh8 38. Qxa5 Rg8 39. Rg1 Qf8 40. Qb6 Qa8 41. g4 fxg4 42. f5 d4 43. Rg3 Qh1 44. Qxd4 Qh2+ 45. Rg2 g3+ 46. Kf3 Qh5+ 47. Ke3 Qh1 48. Qe4 Bd7 49. Kd2 Bxf5 50. Qxf5 Qxg2+ 51. Kd1 Qh1+ 52. Kc2 Qh2+ 0-1

[Event "25th Abu Dhabi Master 2018"]
[Site "Abu Dhabi"]
[Date "2018.08.14"]
[Round "8"]
[White "Kushagra, Mohan"]
[Black "Shyam, Sundar M."]
[Result "0-1"]
[WhiteElo "2270"]
[BlackElo "2527"]
[Annotator "ChessBase"]
[PlyCount "104"]
[EventDate "2018.08.05"]
[EventType "swiss"]
[EventCountry "UAE"]
[SourceTitle "playchess.com"]
[Source "ChessBase"]
[SourceQuality "1"]

1. e4 c5 2. Nf3 e6 3. d4 cxd4 4. Nxd4 Qb6 5. Nb5 a6 6. Be3 Qa5+ 7. Bd2 Qd8 8. Nd4 Qc7 9. Bd3 Nf6 10. Qe2 d6 11. c4 Nbd7 12. Nc3 Ne5 13. O-O Be7 14. Rac1 Bd7 15. b3 Nxd3 16. Qxd3 Rc8 17. f4 O-O 18. Kh1 Rfd8 19. Qe2 Qc5 20. Be3 Qh5 21. Qxh5 Nxh5 22. Rfd1 Nf6 23. h3 Be8 24. g4 h6 25. f5 Bd7 26. a4 Re8 27. Rd3 Bd8 28. Rcd1 Ba5 29. fxe6 fxe6 30. Nde2 Bc6 31. Rxd6 Bb4 32. c5 b6 33. Rxc6 Rxc6 34. e5 Nh7 35. Ne4 Bxc5 36. Nxc5 bxc5 37. Nf4 Nf8 38. Rc1 Rb8 39. Rc3 Rcb6 40. Rxc5 Rxb3 41. Bg1 R8b4 42. Bh2 Rb1+ 43. Kg2 R1b2+ 44. Kh1 Rxh2+ 45. Kxh2 Rxf4 46. Ra5 Re4 47. Rxa6 Rxe5 48. a5 Ng6 49. Rb6 Rxa5 50. Rxe6 Ra2+ 51. Kg3 Ra3+ 52. Kf2 Nf4 0-1

[Event "25th Abu Dhabi Master 2018"]
[Site "Abu Dhabi"]
[Date "2018.08.14"]
[Round "8"]
[White "Mohota, Nisha"]
[Black "Moayed, Obied"]
[Result "1-0"]
[WhiteElo "2268"]
[BlackElo "2146"]
[Annotator "NA"]
[PlyCount "107"]
[EventDate "2018.08.05"]
[EventType "swiss"]
[EventCountry "UAE"]
[SourceTitle "playchess.com"]
[Source "ChessBase"]
[SourceQuality "1"]

1. d4 d5 2. c4 e6 3. Nf3 Nf6 4. g3 dxc4 5. Bg2 Nc6 6. O-O Rb8 7. e3 Be7 8. Qe2 O-O 9. Qxc4 Bd7 10. Rd1 Bd6 11. b3 Qe7 12. Bb2 e5 13. d5 Nb4 14. Ne1 c6 15. dxc6 Bxc6 16. Bxc6 Nxc6 17. Nd2 Rbc8 18. Qh4 Rfd8 19. Nc4 b5 20. Nxd6 Rxd6 21. Rdc1 Rd2 22. Bc3 Rdd8 23. Rc2 Qe6 24. Rac1 Qf5 25. f3 Qe6 26. Bb2 Rd6 27. Ba3 Rd7 28. e4 a5 29. Qg5 Rdd8 30. Bb2 Nd4 31. Rxc8 Rxc8 32. Rxc8+ Qxc8 33. Qxe5 Ne6 34. Qxb5 Qd8 35. Bc3 h6 36. Qxa5 Qd1 37. Qb4 Qe2 38. Qc4 Qxa2 39. e5 Nh5 40. f4 Qa7+ 41. Kf1 Qb7 42. Kf2 Qb6+ 43. Ke2 Qg1 44. Nf3 Qg2+ 45. Ke3 Qc2 46. Bd2 Qa2 47. Qa4 Qb2 48. b4 g6 49. b5 Nhg7 50. g4 h5 51. h3 hxg4 52. hxg4 Nc5 53. Qa8+ Kh7 54. Ng5+ 1-0

[Event "25th Abu Dhabi Master 2018"]
[Site "Abu Dhabi"]
[Date "2018.08.14"]
[Round "8"]
[White "Aaryan Varshney"]
[Black "Dimakiling, Oliver"]
[Result "0-1"]
[WhiteElo "2261"]
[BlackElo "2401"]
[Annotator "NA"]
[PlyCount "114"]
[EventDate "2018.08.05"]
[EventType "swiss"]
[EventCountry "UAE"]
[SourceTitle "playchess.com"]
[Source "ChessBase"]
[SourceQuality "1"]

1. d4 Nf6 2. Nf3 e6 3. c4 Bb4+ 4. Bd2 c5 5. Bxb4 cxb4 6. g3 b6 7. Bg2 Bb7 8. O-O O-O 9. Nbd2 d6 10. Re1 Nbd7 11. a3 bxa3 12. Rxa3 Qb8 13. b4 Rc8 14. Qb3 h6 15. e3 e5 16. Rea1 Re8 17. Bh3 Nf8 18. Bf1 exd4 19. exd4 a6 20. Bg2 Qc7 21. Ne1 Ne6 22. Qd3 d5 23. c5 bxc5 24. bxc5 a5 25. Nc2 Bc6 26. Qc3 a4 27. Nb4 Ng5 28. Nxc6 Qxc6 29. h4 Ne6 30. Nc4 Ra6 31. Ne5 Qa8 32. Nf3 Rb8 33. Bf1 Ra7 34. Nd2 Qc6 35. Bd3 g5 36. hxg5 Nxg5 37. Bc2 Ng4 38. f3 Nf6 39. Re1 Kh8 40. Kg2 Rg8 41. Rh1 Re8 42. Qd3 Kg7 43. Raa1 a3 44. Kf2 a2 45. Qf5 Qb5 46. Rxh6 Qe2+ 47. Kg1 Qe3+ 48. Kh1 Re6 49. f4 Nf3 50. Rh7+ Kf8 51. Rh8+ Ke7 52. Nb3 Nxd4 53. Nxd4 Qxd4 54. Rd1 a1=Q 55. Rxa1 Rxa1+ 56. Kg2 Qg1+ 57. Kh3 Qh1# 0-1

[Event "25th Abu Dhabi Master 2018"]
[Site "Abu Dhabi"]
[Date "2018.08.14"]
[Round "8"]
[White "Pranav Anand"]
[Black "Muthaiah AL"]
[Result "0-1"]
[WhiteElo "2260"]
[BlackElo "2391"]
[Annotator "NA"]
[PlyCount "128"]
[EventDate "2018.08.05"]
[EventType "swiss"]
[EventCountry "UAE"]
[SourceTitle "playchess.com"]
[Source "ChessBase"]
[SourceQuality "1"]

1. d4 Nf6 2. c4 e6 3. Nf3 d5 4. Nc3 c6 5. Bg5 h6 6. Bxf6 Qxf6 7. e3 g6 8. Bd3 Bg7 9. O-O O-O 10. Re1 Qd8 11. Rc1 Nd7 12. b4 dxc4 13. Bxc4 e5 14. Bb3 exd4 15. exd4 Nf6 16. Ne5 Nd5 17. Nxd5 cxd5 18. Rc5 Bxe5 19. Rxe5 Be6 20. Bxd5 b6 21. Rb5 a6 22. Bxa8 axb5 23. Bf3 Bxa2 24. Rxb5 Bc4 25. Re5 Qd6 26. Qd2 Rd8 27. Re4 Bd5 28. Re1 Bxf3 29. gxf3 Kg7 30. Rd1 Rc8 31. d5 Rc4 32. Qb2+ Kh7 33. b5 Rh4 34. Kf1 Rxh2 35. Qd4 Rh5 36. Rd3 Rf5 37. Qc4 Rf6 38. Qc6 Kg7 39. Qxd6 Rxd6 40. Ke2 h5 41. Ke3 Kf6 42. Kd4 h4 43. Rc3 Ke7 44. f4 Rd8 45. Ke5 f6+ 46. Ke4 Rh8 47. Rc7+ Kd6 48. Rc6+ Kd7 49. Rxb6 h3 50. Rb7+ Kd6 51. Rb6+ Kc5 52. Rc6+ Kxb5 53. Rc1 h2 54. Rh1 Kc5 55. Rc1+ Kd6 56. Rh1 Rh3 57. f3 Rh5 58. f5 g5 59. Kd4 Rh4+ 60. Ke3 Kxd5 61. Kf2 Ke5 62. Kg3 Kxf5 63. f4 Rg4+ 64. Kxh2 Rh4+ 0-1

[Event "25th Abu Dhabi Master 2018"]
[Site "Abu Dhabi"]
[Date "2018.08.14"]
[Round "8"]
[White "Alinasab, Mobina"]
[Black "Senthil Maran K"]
[Result "1-0"]
[WhiteElo "2259"]
[BlackElo "2167"]
[Annotator "NA"]
[PlyCount "99"]
[EventDate "2018.08.05"]
[EventType "swiss"]
[EventCountry "UAE"]
[SourceTitle "playchess.com"]
[Source "ChessBase"]
[SourceQuality "1"]

1. e4 c6 2. Nc3 d5 3. Nf3 g6 4. d4 Bg4 5. e5 Bg7 6. h3 Bxf3 7. Qxf3 e6 8. Bd3 Ne7 9. Ne2 c5 10. c3 Nec6 11. a3 Nd7 12. O-O O-O 13. Qg3 f6 14. exf6 Qxf6 15. Be3 cxd4 16. cxd4 e5 17. Bb5 a6 18. Bxc6 bxc6 19. Rac1 Rac8 20. b4 e4 21. Bf4 Qe6 22. Bc7 Rf7 23. Rc2 e3 24. f3 Nf6 25. Be5 Nh5 26. Qg5 Rf5 27. Qxe3 Bxe5 28. dxe5 Rxe5 29. Qf2 Qf6 30. f4 Re7 31. g4 Ng7 32. Rfc1 Re4 33. f5 gxf5 34. Ng3 Re7 35. Nxf5 Nxf5 36. Qxf5 Qxf5 37. gxf5 Re3 38. a4 Rb3 39. Rxc6 Rxc6 40. Rxc6 Rxb4 41. Rxa6 Rb2 42. Ra7 Ra2 43. Kf1 d4 44. a5 d3 45. Ke1 Re2+ 46. Kd1 Rf2 47. a6 Ra2 48. f6 Kf8 49. Ra8+ Kf7 50. a7 1-0

[Event "25th Abu Dhabi Master 2018"]
[Site "Abu Dhabi"]
[Date "2018.08.14"]
[Round "8"]
[White "Krishnater Kushager"]
[Black "Kathmale, Sameer"]
[Result "1/2-1/2"]
[WhiteElo "2256"]
[BlackElo "2367"]
[Annotator "NA"]
[PlyCount "107"]
[EventDate "2018.08.05"]
[EventType "swiss"]
[EventCountry "UAE"]
[SourceTitle "playchess.com"]
[Source "ChessBase"]
[SourceQuality "1"]

1. e4 c6 2. Nc3 d5 3. Nf3 g6 4. d4 Bg7 5. h3 dxe4 6. Nxe4 Nf6 7. Nxf6+ exf6 8. Bd3 O-O 9. O-O Be6 10. c4 f5 11. Be3 h6 12. h4 Nd7 13. Qd2 Kh7 14. Qb4 Qc7 15. g3 a5 16. Qd2 Nf6 17. Bf4 Qd8 18. Be5 Nh5 19. Rfe1 Re8 20. Rad1 f6 21. Bf4 Qd7 22. Be3 Bf8 23. a3 a4 24. Bf1 Rad8 25. d5 Qc7 26. Qc1 Bf7 27. Bg2 f4 28. Bxf4 Nxf4 29. Rxe8 Rxe8 30. Qxf4 Qxf4 31. gxf4 Rd8 32. Nd4 Bc5 33. Bf3 f5 34. Ne2 cxd5 35. cxd5 Bd6 36. Rd4 b5 37. Rd3 Be8 38. Rc3 Bd7 39. Kg2 Kg7 40. Rc2 Kf7 41. Kh3 Rb8 42. Kg2 b4 43. axb4 Rxb4 44. h5 g5 45. fxg5 hxg5 46. Nc3 Rh4 47. Be2 Rb4 48. Na2 Rd4 49. Nc3 Rb4 50. Na2 Rd4 51. Nc3 f4 52. Nb5 Bxb5 53. Bxb5 g4 54. f3 1/2-1/2

[Event "25th Abu Dhabi Master 2018"]
[Site "Abu Dhabi"]
[Date "2018.08.14"]
[Round "8"]
[White "Navalgund, Niranjan"]
[Black "Srihari L R"]
[Result "1-0"]
[WhiteElo "2255"]
[BlackElo "2135"]
[Annotator "NA"]
[PlyCount "123"]
[EventDate "2018.08.05"]
[EventType "swiss"]
[EventCountry "UAE"]
[SourceTitle "playchess.com"]
[Source "ChessBase"]
[SourceQuality "1"]

1. e4 d6 2. d4 Nf6 3. Nc3 c6 4. f4 Qa5 5. Bd3 e5 6. Nf3 Bg4 7. dxe5 dxe5 8. f5 Nbd7 9. h3 Bxf3 10. Qxf3 Nc5 11. O-O Nxd3 12. Qxd3 Bc5+ 13. Kh1 Bd4 14. Ne2 O-O-O 15. c3 Bb6 16. Qc4 Qc5 17. Qxc5 Bxc5 18. Bg5 Nxe4 19. Bxd8 Rxd8 20. Kh2 Rd2 21. Ng3 Nxg3 22. Kxg3 Rxb2 23. f6 g6 24. Kf3 Rc2 25. Rac1 Rxa2 26. g4 Rh2 27. Ke4 Rxh3 28. Kxe5 Re3+ 29. Kf4 h6 30. g5 h5 31. c4 Rh3 32. Rcd1 Rh4+ 33. Kf3 Rg4 34. Rfe1 Rxg5 35. Re8+ Kc7 36. Ke4 Rg2 37. Red8 Re2+ 38. Kf4 Rf2+ 39. Ke4 Rxf6 40. R8d7+ Kc8 41. Rd8+ Kc7 42. R8d7+ Kb6 43. Rb1+ Ka6 44. Ra1+ Kb6 45. Rb1+ Ka5 46. Rdxb7 Bb6 47. c5 Ka6 48. Rb8 Re6+ 49. Kd4 Ba5 50. Ra1 f5 51. Rb2 Re4+ 52. Kd3 Re5 53. Kd4 Re1 54. Ra3 Re4+ 55. Kd3 Rg4 56. Ra1 Rg3+ 57. Kd4 Rg4+ 58. Ke5 h4 59. Kd6 h3 60. Kxc6 Rg2 61. Rb5 Ra2 62. Rxa2 1-0